LIBRARY & INFORMATION CENTRE, KCAET, TAVANUR

ONLINE PUBLIC ACCESS CATALOGUE (OPAC)

Development and testing of a pineapple peeler, corer cum slicer (Record no. 15239)

MARC details
000 -LEADER
fixed length control field 00740nam a22002057a 4500
003 - CONTROL NUMBER IDENTIFIER
control field OSt
088 ## - REPORT NUMBER
Report number P 88
100 ## - MAIN ENTRY--AUTHOR NAME
Personal name BINDHU K. GEORGE
245 ## - TITLE STATEMENT
Title Development and testing of a pineapple peeler, corer cum slicer
260 ## - PUBLICATION, DISTRIBUTION, ETC. (IMPRINT)
Place of publication Tavanur 1999
Name of publisher Department of Post-Harvest Technology and Agricultural Processing
300 ## - PHYSICAL DESCRIPTION
Number of Pages 55
500 ## - GENERAL NOTE
General note Development and testing of a pineapple peeler, corer cum slicer
520 ## - SUMMARY, ETC.
Summary, etc Development and testing of a pineapple peeler, corer cum slicer
700 ## - ADDED ENTRY--PERSONAL NAME
Personal name Bindu Kochugovindan
700 ## - ADDED ENTRY--PERSONAL NAME
Personal name Vidhu K. P
700 ## - ADDED ENTRY--PERSONAL NAME
Personal name Er. Prince M. V (Guide)
856 ## - ELECTRONIC LOCATION AND ACCESS
Uniform Resource Identifier https://drive.google.com/open?id=1L7vFKNCXAzwdjVGjI-oX-80iYlB8Gx2C
942 ## - ADDED ENTRY ELEMENTS (KOHA)
Koha item type Project Report
Holdings
Collection code Home library Current library Shelving location Full call number Accession Number Koha item type
Reference KAUAET KAUAET Reference 631.56 BIN/DE P 88 Project Report
free website counter